Χώρες ανά Γεωγραφική Περιοχή #1 - Statistics

General Stats
  • This quiz has been taken 34 times
  • The average score is 10 of 15
Answer Stats
Περιοχή # Χώρα % Correct
Σκανδιναβία 3
100%
Βαλκάνια 12
86%
Κεντρική Αμερική 8
86%
Καύκασος 4
83%
Ιβηρία 4
79%
Αρκτικός Κύκλος 7
76%
Ινδοκίνα 6
72%
Αραβική Χερσόνησος 7
69%
Μεσοαμερική 7
69%
Ανταρκτική 7
66%
Ινδική Υποήπειρος
(Δεν συμπεριλαμβάνεται η Ινδία)
6
59%
Μικρονησία
(Δεν συμπεριλαμβάνονται οι ΟΠΜ)*
*Εντελώς στη Μικρονησία
4
55%
Έρημος Καλαχάρι 3
38%
Όρη του Άτλαντα 3
24%
Μικρές Αντίλλες 8
21%
No matching quizzes found
Score Distribution
Percent of People with Each Score
Percentile by Number Answered
Your Score History
You have not taken this quiz